000 01809cam a2200181 4500500
005 20251228061935.0
041 _afre
042 _adc
100 1 0 _aDupuis, Marc
_eauthor
700 1 0 _aFournioux, Jean
_eauthor
245 0 0 _aInternationalisation du distributeur : De l’avantage compétitif à la performance
260 _c2005.
500 _a2
520 _aL’internationalisation des entreprises de distribution connaît un mouvement d’accélération au point de porter la compétition entre leaders à une échelle mondiale. Si des analyses antérieures ont décrit et conceptualisé ce phénomène, peu de travaux se sont intéressés au lien entre avantages compétitifs, décisions stratégiques et performances du distributeur à l’international. Après une revue de la littérature, les auteurs présentent un cadre d’analyse théorique dans une seconde partie. Enfin, sept propositions pouvant servir de pistes de recherches ultérieures pour les chercheurs et de thèmes de réflexion pour les praticiens sont présentées dans une troisième partie.
520 _aRetail internationalization is accelerating ; the competition has become global. Although the retailing literature has described and conceptualized this phenomenon, the research linking retailers’ international decisions and their performance remains scarce. After a short literature review focused on competitive advantage, the authors present a framework of analysis and seven propositions linking competitive advantages, strategic decisions and performances for further researches and their managerial implications.
786 0 _nDécisions Marketing | 37 | 1 | 2005-01-01 | p. 45-56 | 0779-7389
856 4 1 _uhttps://shs.cairn.info/revue-decisions-marketing-2005-1-page-45?lang=fr&redirect-ssocas=7080
999 _c1587974
_d1587974